| 000 | 01881cam a22004217a 4500 | ||
|---|---|---|---|
| 999 |
_c529874 _d529874 |
||
| 001 | 14094019 | ||
| 003 | NUST | ||
| 005 | 20191004110254.0 | ||
| 008 | 050831s2005 dcua b 000 0 eng d | ||
| 010 | _a 2005933207 | ||
| 020 | _a0309097606 (pbk.) | ||
| 035 | _a(OCoLC)ocm64445403 | ||
| 038 | _aMSOHAIL | ||
| 040 |
_aOSU _cOSU _dDAY _dEEM _dDLC |
||
| 042 | _alccopycat | ||
| 050 | 0 | 0 |
_aTG405 _b.I45 2005 |
| 050 | 1 | 4 |
_aTE7 _b.N33 no. 353 |
| 082 | 0 | 0 |
_a624.230288 _222 |
| 245 | 0 | 0 |
_aInspection and maintenance of bridge stay cable systems : _ba synthesis of highway practice / _cconsultant Habib Tabatabai. |
| 260 |
_aWashington, D.C. : _bTransportation Research Board, National Research Council, _c2005. |
||
| 300 |
_a75 p. : _bill. ; _c28 cm. |
||
| 490 | 1 |
_aNCHRP synthesis, _x0547-5570 ; _v353 |
|
| 500 | _a"Research sponsored by the American Association of State Highway and Transportation Officials in cooperation with the Federal Highway Administration." | ||
| 504 | _aIncludes bibliographical references (p. 63-67). | ||
| 650 | 0 |
_aCable-stayed bridges _xMaintenance and repair. _922869 |
|
| 650 | 0 |
_aBridges _xMaintenance and repair. _9802 |
|
| 650 | 0 |
_aCables _xMaintenance and repair. _922870 |
|
| 700 | 1 |
_aTabatabai, H. _q(Habib) _922871 |
|
| 710 | 2 |
_aNational Cooperative Highway Research Program. _920864 |
|
| 710 | 2 |
_aAmerican Association of State Highway and Transportation Officials. _919553 |
|
| 710 | 2 |
_aNational Research Council (U.S.). _bTransportation Research Board. _922872 |
|
| 830 | 0 |
_aSynthesis of highway practice ; _v353. _922873 |
|
| 856 | 4 | 1 |
_uhttp://onlinepubs.trb.org/onlinepubs/nchrp/nchrp%5Fsyn%5F353.pdf _zonline version |
| 906 |
_a7 _bcbc _ccopycat _d2 _eepcn _f20 _gy-gencatlg |
||
| 942 |
_2ddc _cBK |
||